000 00873cam a22001814a 4500
005 20250605163404.0
008 250528s ||||||||||||||||||||||||d
035 _a18145
040 _aGR-AtMCL
_bgre
_dGR-AtMCL
_eAACR2
245 1 _aΔομημένο (Structured) COBOL / Μέρος 2
300 _a264
520 _aProcedure Division (4 σύνθετο IF), Procedure Division (5 Nested IF), Πίνακες (1 Μονοδιάστατοι), Πίνακες (2 Δισδίαστατοι - Τρισδιάστατοι), Indexed Αρχεία, Procedure Division (6 Διλαφορες Εντολές), Δοκιμή Προγράμματος, Ιεραρχικά Διαγράμματα - Ψευδοκώδικες, Γλωσσάριο, Index.
700 1 _aΒατικιώτης Αντώνης
942 _cBK
260 _bΑθήνα
999 _c3526
_d3526